000 00698nam a2200217 a 4500
008
020 _a9966468773 (pbk.)
049 _aMAIN
090 _aRJ26.3 SHI
100 1 _aShija, Joseph K.
245 1 0 _aPaediatric surgical care in developing countries :
_ba handbook fotr doctors, nurses and students /
_cJoseph K. Shija, with a foreword by D. G. Young.
260 _aNairobi:
_bheineman,
_cc1989.
300 _a154 p. :
_bill. ;
_c21 cm.
500 _aincludes index.
650 _aSurgical care
_cpaediatric.
907 _a.b1016912x
_b16-07-12
_c22-07-05
003
005 20230120203901.0
040 _cNUST
942 _cBOOKS
_kRJ26.3 SHI
999 _c113199
_d113199